000 00582nam a22001697a 4500
003 BD-ChCU
005 20260510084357.0
008 260510b bg ||||| |||| 00| 0 ben d
040 _cBD-ChCU
082 _a909.0971241 TRA
100 _aW.H. Morris Jones .
_922626
245 _aTransfer and transformation : Political institutions in the new commonwealth :
_bessays in honour .
_cJones ,W.H. Morris .
260 _aLeicester :
_bLeicester University press ,
_cC 1983
300 _ax , 299p.
650 0 _aCommonwealth of Nations - Politics & Govt .
_922627
942 _2ddc
_cBK
_n0
999 _c112795
_d112795